000 00305 a2200121 4500
001 146884
040 _cEscola São Tomás de Aquino
100 _aROCHA, Ruth
240 1 0 _aFaca sem ponta, galinha sem pé
_lpor
245 1 0 _aFaca sem ponta, galinha sem pé
697 _a*LITERATURA INFANTO
942 _cBK
999 _c146884
_d146884